<?xml version="1.0" encoding="UTF-8"?>
<record
    xmlns:xsi="http://www.w3.org/2001/XMLSchema-instance"
    xsi:schemaLocation="http://www.loc.gov/MARC21/slim http://www.loc.gov/standards/marcxml/schema/MARC21slim.xsd"
    xmlns="http://www.loc.gov/MARC21/slim">

  <leader>03829nab a2200337 i 4500</leader>
  <controlfield tag="003">BR-BrBNA</controlfield>
  <controlfield tag="005">20240404103443.0</controlfield>
  <controlfield tag="008">240404b2020    bl.ar|pooa||| 00| 0 eng |</controlfield>
  <datafield tag="040" ind1=" " ind2=" ">
    <subfield code="a">BR-BrBNA</subfield>
    <subfield code="b">eng</subfield>
  </datafield>
  <datafield tag="072" ind1=" " ind2=" ">
    <subfield code="a">F61</subfield>
    <subfield code="b">2320</subfield>
  </datafield>
  <datafield tag="072" ind1=" " ind2=" ">
    <subfield code="a">F04</subfield>
  </datafield>
  <datafield tag="100" ind1=" " ind2=" ">
    <subfield code="a">Dalazen, J&#xE9;ssica Rodrigues</subfield>
  </datafield>
  <datafield tag="100" ind1=" " ind2=" ">
    <subfield code="a">Gontijo, Ivoney</subfield>
  </datafield>
  <datafield tag="100" ind1=" " ind2=" ">
    <subfield code="a">Paye, Henrique de S&#xE1;</subfield>
  </datafield>
  <datafield tag="100" ind1=" " ind2=" ">
    <subfield code="a">Valani, Gustavo Pereira</subfield>
  </datafield>
  <datafield tag="100" ind1=" " ind2=" ">
    <subfield code="a">Tomaz, Marcelo Antonio</subfield>
  </datafield>
  <datafield tag="100" ind1=" " ind2=" ">
    <subfield code="a">Partelli, F&#xE1;bio Luiz</subfield>
  </datafield>
  <datafield tag="245" ind1=" " ind2=" ">
    <subfield code="a">Macronutrient dynamics in leaves and bunches of black pepper</subfield>
  </datafield>
  <datafield tag="500" ind1=" " ind2=" ">
    <subfield code="a">
Publica&#xE7;&#xE3;o on-line; 35 ref.; 5 illus.; Summaries (En, Pt)</subfield>
  </datafield>
  <datafield tag="520" ind1=" " ind2=" ">
    <subfield code="a">


Abstract &#x2012; The objective of this work was to determine the macronutrient
dynamics in leaves and bunches of black pepper (Piper nigrum) throughout
the plant reproductive cycles. The experiment was carried out in a commercial
field of 'Bragantina' black pepper. Leaves and bunches were sampled every 21
days for one year, during two crop cycles. The bunches were sampled from the
twenty eighth day after the appearance of inflorescences until the complete
fruit maturation. Samples of leaves and bunches were dried, and the contents
of N, P, K, Ca, Mg, and S were determined. N, K, and Ca were the most
common macronutrients found in the bunches and leaves of black pepper. The
accumulation of dry matter in the bunches was similar for both cycles and it
was adjusted to the linear and quadratic models. The accumulation and content
of macronutrients followed the dry matter behavior trend. Macronutrient
contents in leaves oscillate during the year, and K and Mg vary more than N,
P, Ca, and S. The macronutrient contents in black pepper leaves and bunches
depends on the plant vegetative stage, and this variation should be considered
in the planning of the fertilization management.


Index terms: Piper nigrum, Bragantina cultivar, fertilization, reproductive
cycle.</subfield>
  </datafield>
  <datafield tag="520" ind1=" " ind2=" ">
    <subfield code="a">


Resumo &#x2013; O objetivo deste trabalho foi determinar a din&#xE2;mica de
macronutrientes em folhas e cachos de pimenta-do-reino (Piper nigrum), ao
longo dos ciclos reprodutivos da planta. O experimento foi realizado em uma
lavoura comercial de pimenta-do-reino 'Bragantina'. Folhas e cachos foram
amostrados a cada 21 dias, por um ano, durante dois ciclos de cultivo. Os
cachos foram amostrados desde o vig&#xE9;simo oitavo dia ap&#xF3;s o lan&#xE7;amento
das infloresc&#xEA;ncias at&#xE9; a matura&#xE7;&#xE3;o completa dos frutos. As amostras de
folhas e cachos foram secas, e os conte&#xFA;dos de N, P, K, Ca, Mg e S foram
determinados. N, K e Ca foram os macronutrientes mais comuns nos cachos
e nas folhas de pimenta-do-reino. O ac&#xFA;mulo de mat&#xE9;ria seca nos cachos de
pimenta-do-reino foi similar nos dois ciclos e foi ajustado aos modelos linear e
quadr&#xE1;tico. O ac&#xFA;mulo e o conte&#xFA;do de macronutrientes seguiram a tend&#xEA;ncia
de comportamento da mat&#xE9;ria seca. O conte&#xFA;do de macronutrientes nas folhas
oscila durante o ano, e K e Mg variam mais do que N, P, Ca e S. O conte&#xFA;do de
macronutrientes em folhas e cachos de pimenta-do-reino depende do est&#xE1;dio
vegetativo da planta, e essa varia&#xE7;&#xE3;o deve ser considerada no planejamento do
manejo de aduba&#xE7;&#xE3;o.


Termos para indexa&#xE7;&#xE3;o: Piper nigrum, cultivar Bragantina, fertiliza&#xE7;&#xE3;o,
ciclo reprodutivo.</subfield>
  </datafield>
  <datafield tag="650" ind1=" " ind2=" ">
    <subfield code="a">PIMENTA DO REINO</subfield>
  </datafield>
  <datafield tag="650" ind1=" " ind2=" ">
    <subfield code="a">FOLHA</subfield>
  </datafield>
  <datafield tag="650" ind1=" " ind2=" ">
    <subfield code="a">MACROELEMENTO</subfield>
  </datafield>
  <datafield tag="650" ind1=" " ind2=" ">
    <subfield code="a">CICLO REPRODUTIVO</subfield>
  </datafield>
  <datafield tag="650" ind1=" " ind2=" ">
    <subfield code="a">FERTILIFADE DO SOLO</subfield>
  </datafield>
  <datafield tag="773" ind1="0" ind2=" ">
    <subfield code="0">920</subfield>
    <subfield code="9">25800</subfield>
    <subfield code="d">Bras&#xED;lia-DF Empresa Brasileira de Pesquisa Agropecu&#xE1;ria - EMBRAPA 1966-</subfield>
    <subfield code="o">2023-436355</subfield>
    <subfield code="t">Pesquisa Agropecu&#xE1;ria Brasileira (Brazil)</subfield>
    <subfield code="x">0100-204X</subfield>
    <subfield code="g">v. 55 p. 1-11; (2020)</subfield>
    <subfield code="w">BR2024000281</subfield>
  </datafield>
  <datafield tag="856" ind1=" " ind2=" ">
    <subfield code="u">https://www.scielo.br/j/pab/a/kK495GPqD7xGThxScRJbtwk/?format=pdf&amp;lang=en</subfield>
  </datafield>
  <datafield tag="942" ind1=" " ind2=" ">
    <subfield code="c">Anal&#xED;tica</subfield>
  </datafield>
  <datafield tag="999" ind1=" " ind2=" ">
    <subfield code="c">299058</subfield>
    <subfield code="d">299058</subfield>
  </datafield>
</record>
